N'oubliez pas les paroles - Statistiques

Statistiques générales
  • Ce quiz a été pris 101 fois
  • Le résultat moyen est 2 sur 15
Statistiques - réponses
Hint Réponse % Correct
Tu prends tes caleçons sales Et tu hors de ma vue ... Tu n'as pas de principes, j'te jure sur ma vie
39%
J'vais t'faire kiffer les week-ends, ma jolie ... Elle m'parle plus du quartier, du shit, d'la police
34%
Y a les phrases que tu dis, les phrases de mec facile Les phrases que j'oublie, bourrée dans la nuit ... Et ton corps qui se tord seulement pour me plaire
34%
Car c'est trop vrai, t'as l'regard et l'fond mauvais, quand j'galère, toi t'es refait ... Au lit, t'es mauvais, ta gadji, on la connaît
17%
J'avais peur avant, je parlais tout bas J'étais jamais devant, oh non ... Aujourd'hui j'ai bien changé, crois-moi
10%
Non, je ne volerai jamais la place du premier qui t'a dit "Je t'aime" ... Sur ton visage, on voit son visage et c'est ainsi que tu es belle
8%
Suavemente, j'ai traversé la mer J'oublie pas ceux qui s'lèvent tôt pour un salaire ... J'aime pas me vanter, j'fais c'qu'il y a à faire
5%
Je l'entends souvent au loin marmonnant et murmurant ... Je l'associe au bruit du sable qui tombe à terre
4%
J'quitte la zone, j'baigne dans la Côte d'Azur ... Kotazo, bina kotazo
4%
Moi j'ai le truc, je sens les pipeaux, ouais ... Il m'a rendue bête, bête, bête
2%
Marseille, oui ma gâtée, tu nous connais ... Ma belle, tu m'as fait du mal, la monnaie apaise
2%
Ça parle mal d'dos, c'est mieux qu'on s'croise as-p ... J'm'en irais dormir sur les Champs-Élysées, là où la nuit coûte trois plaques
1%
La vie c'est pas comme dans un Disney Pourtant j'l'avais emmenée à Disney ... Tout l'monde disait qu'on était mignons
1%
Tu reviens comme si de rien n'était mais où t'étais ... Et dire qu'avant d'percer, j'ai pensé à tout laisser
0%
J'suis parti de rien, à la base, je vends des dix Maintenant quand j'arrive en club, on rentre à dix ... Tu fais l'homme, tu fais l'fou, seulement quand t'es sous tise
0%
Aucun quiz correspondant
Distribution des résultats
% des personnes avec chaque résultat
Percentile par nombre de réponses
Votre historique - résultats
Vous n’avez pas pris ce quiz